El Salvador: estado y clase obrera, reflexiones sobre la situación actual

Sparad:
Bibliografiska uppgifter
Huvudupphovsman: Rodríguez, Rafael
Institutionell upphovsman: Foro de Sociólogos y Cientistas Sociales del Tercer Mundo
Materialtyp: Text
Publicerad: México: Universidad Autónoma de México
Taggar: Lägg till en tagg
Inga taggar, Lägg till första taggen!

MARC

LEADER 00000 a a2200000 04500
001 21007
003
040
090 |a 090500  
100 |a Rodríguez, Rafael  
110 |a Foro de Sociólogos y Cientistas Sociales del Tercer Mundo  
245 |a El Salvador: estado y clase obrera, reflexiones sobre la situación actual  
260 |a México:   |b Universidad Autónoma de México  
300 |a 12 p.  
999 |c 9818  |d 9818